Refugiados guatemaltecos en México: [noticias diversas]
Spremljeno u:
| Format: | Tekst |
|---|---|
| Izdano: |
sc.e :
|
| Oznake: |
Dodaj oznaku
Bez oznaka, Budi prvi tko označuje ovaj zapis!
|
MARC
| LEADER | 00000 a a2200000 04500 | ||
|---|---|---|---|
| 001 | 13067 | ||
| 003 | |||
| 040 | |a CRAI/IIS |c CRAI/IIS | ||
| 090 | |a 028000 | ||
| 245 | |a Refugiados guatemaltecos en México: [noticias diversas] | ||
| 260 | |a sc.e : | ||
| 300 | |a 20 p. | ||
| 999 | |c 14142 |d 14142 | ||
